MARC details
| 000 -CABECERA |
| campo de control de longitud fija |
01663nam a22003374i 4500 |
| 001 - NÚMERO DE CONTROL |
| campo de control |
991061739536706706 |
| 003 - IDENTIFICADOR DEL NÚMERO DE CONTROL |
| campo de control |
ES-BaIT |
| 005 - FECHA Y HORA DE LA ÚLTIMA TRANSACCIÓN |
| campo de control |
20260422123642.0 |
| 008 - DATOS DE LONGITUD FIJA--INFORMACIÓN GENERAL |
| campo de control de longitud fija |
260410e202511 spc f 000 i spa c |
| 017 ## - NÚMERO DE COPYRIGHT O DE DEPÓSITO LEGAL |
| Número de copyright o de depósito legal |
DL B 16696-2025 |
| Agencia que asigna |
Biblioteca de Catalunya |
| 020 ## - NÚMERO INTERNACIONAL ESTÁNDAR DEL LIBRO |
| Número Internacional Estándar del Libro |
9788494747434 |
| 040 ## - FUENTE DE LA CATALOGACIÓN |
| Centro catalogador/agencia de origen |
ES-BaIT |
| Lengua de catalogación |
cat |
| Normas de descripción |
rda |
| Centro/agencia transcriptor |
ES-BaIT |
| 041 1# - CÓDIGO DE LENGUA |
| Código de lengua del texto/banda sonora o título independiente |
spa |
| Código de lengua original |
fre |
| 080 ## - NÚMERO DE LA CLASIFICACIÓN DECIMAL UNIVERSAL |
| Número de la Clasificación Decimal Universal |
793.4 |
| 100 1# - ENTRADA PRINCIPAL--NOMBRE DE PERSONA |
| Nombre de persona |
Noverre, Jean Georges, |
| Fechas asociadas al nombre |
1727-1810 |
| Término indicativo de función/relación |
autor |
| 9 (RLIN) |
36439 |
| 240 1# - TÍTULO UNIFORME |
| Título uniforme |
Lettres sur la danse et sur les ballets. |
| Lenguaje de la obra |
Castellà |
| 9 (RLIN) |
169281 |
| 245 10 - MENCIÓN DE TÍTULO |
| Título |
Cartas sobre la danza y los ballets / |
| Mención de responsabilidad, etc. |
Jean Georges Noverre ; traducción de José Ma. López |
| 250 ## - MENCIÓN DE EDICIÓN |
| Mención de edición |
Primera edición |
| 264 #1 - PRODUCCIÓN, PUBLICACIÓN, DISTRIBUCIÓN, FABRICACIÓN Y COPYRIGHT |
| Producción, publicación, distribución, fabricación y copyright |
Barcelona : |
| Nombre del de productor, editor, distribuidor, fabricante |
Editorial Ceamic, |
| Fecha de producción, publicación, distribución, fabricación o copyright |
noviembre 2025 |
| 300 ## - DESCRIPCIÓN FÍSICA |
| Extensión |
221 pàgines ; |
| Dimensiones |
23 cm |
| 336 ## - TIPO DE CONTENIDO |
| Término de tipo de contenido |
text |
| Código de tipo de contenido |
txt |
| Fuente |
rdacontent |
| 337 ## - TIPO DE MEDIO |
| Nombre/término del tipo de medio |
sense mediació |
| Código del tipo de medio |
n |
| Fuente |
rdamedia |
| 338 ## - TIPO DE SOPORTE |
| Nombre/término del tipo de soporte |
volum |
| Código del tipo de soporte |
nc |
| Fuente |
rdacarrier |
| 520 ## - SUMARIO, ETC. |
| Sumario, etc. |
"En esta traducción de la obra "Lettres sur la danse et sur les ballets" están plasmadas las reflexiones del visionario bailarín y coreógrafo Jean Georges Noverre sobre la naturaleza del arte en movimiento. Sus cartas son un testimonio perdurable de su pasión por transformar el ballet en una forma de arte más profunda y significativa. Esta obra es un tesoro para bailarines, coreógrafos y amantes de la danza que buscan comprender cómo esta disciplina adquirió la riqueza que la hace tan especial." -- Amazon |
| 600 14 - PUNTO DE ACCESO ADICIONAL DE MATERIA--NOMBRE DE PERSONA |
| Nombre de persona |
Noverre, Jean Georges, |
| Fechas asociadas al nombre |
1727-1810 |
| Subdivisión general |
Epistolaris |
| 9 (RLIN) |
55693 |
| 650 #0 - PUNTO DE ACCESO ADICIONAL DE MATERIA--TÉRMINO DE MATERIA |
| Término de materia o nombre geográfico como elemento de entrada |
Dansa clàssica |
| Subdivisión cronológica |
S. XVIII |
| 9 (RLIN) |
117802 |
| 700 1# - ENTRADA AGREGADA--NOMBRE PERSONAL |
| Nombre de persona |
Lopez Santamaría, José María |
| Término indicativo de función/relación |
traductor |
| 9 (RLIN) |
162541 |
| 908 ## - COLOCAR PARÁMETRO DE COMANDO (RLIN) |
| Colocar parámetro de comando |
CDMAE |
| 940 ## - EQUIVALENCIA O REFERENCIA-CRUZADA--TÍTULO UNIFORME [OBSOLETO] [solamente CAN/MARC] |
| Título uniforme |
<a href="CVA38">CVA38</a> |
| 942 ## - ELEMENTOS DE ENTRADA AGREGADA (KOHA) |
| Fuente del sistema de clasificación o colocación |
Clasificación decimal universal |
| Tipo de ítem Koha |
Llibre |